Role of lipopolysaccharides in the adhesion, retention, transport of escherichia coli JM109 /

Kaydedildi:
Detaylı Bibliyografya
Yazar: Abu-Lail, Nehal I.
Diğer Yazarlar: Camesano, Terri A.
Materyal Türü: Makale
Dil:English
Konular:
Etiketler: Etiketle
Etiket eklenmemiş, İlk siz ekleyin!
Thư viện lưu trữ: Thư viện Trường Đại học Đà Lạt
LEADER 00977nam a2200313 4500
001 DLU090093737
005 ##20091201
040 # # |a DLU  |b eng 
041 # # |a eng 
044 # # |a us 
100 # # |a Abu-Lail, Nehal I. 
245 # # |a Role of lipopolysaccharides in the adhesion, retention, transport of escherichia coli JM109 /  |c Nehal I. Abu-Lail, Terri A. Camesano. 
653 # # |a Atomic force microscopy 
653 # # |a Bacteria 
653 # # |a Enterobacteriaceae 
653 # # |a Escherichia coli 
653 # # |a Lipopolysaccharide 
653 # # |a Molecular interaction 
700 # # |a Camesano, Terri A. 
773 # # |t Environmental Science & Technology  |g Vol. 37, no. 10 (May 2003), p. 2173-2183 
920 # # |a Phòng Tạp chí -- Trung tâm Thông tin - Thư viện Trường Đại học Đà Lạt 
994 # # |a DLU 
900 # # |a True 
911 # # |a Trương Bảo Trâm Anh 
925 # # |a G 
926 # # |a A 
927 # # |a BB 
980 # # |a Thư viện Trường Đại học Đà Lạt